Bureaucratic corruption in Sub-Saharan Africa : toward a search for causes and consequences /

Bibliographic Details
Other Authors: Ekpo, Monday U.
Format: Book
Language:English
Published: Washington, D.C. : University Press of America, [1979]
Subjects:

MARC

Tag First Indicator Second Indicator Subfields
LEADER 00000cam a2200000 a 4500
001 in00000073622
005 20151008053533.0
008 800102s1979 dcu b 00000 engmd
010 |a  79066150  
020 |a 0819107964 
035 |a (OCoLC)05838198 
035 |9 AAH7762AM 
040 |a CPS  |c CPS  |d TXA  |d UtOrBLW 
043 |a fb----- 
049 |a TXAM  |c [1329163] 
090 |a JQ1876  |b .B87 
245 0 0 |a Bureaucratic corruption in Sub-Saharan Africa :  |b toward a search for causes and consequences /  |c edited by Monday U. Ekpo ; foreword by Victor T. LeVine. 
264 1 |a Washington, D.C. :  |b University Press of America,  |c [1979] 
264 4 |c ©1979 
300 |a xvi, 449 pages ;  |c 23 cm. 
336 |a text  |b txt  |2 rdacontent 
337 |a unmediated  |b n  |2 rdamedia 
338 |a volume  |b nc  |2 rdacarrier 
504 |a Bibliography: pages 435-449. 
650 0 |a Political corruption  |z Africa, Sub-Saharan. 
651 0 |a Africa, Sub-Saharan  |x Politics and government. 
700 1 |a Ekpo, Monday U. 
999 |a MARS 
999 f f |s 84deaaa9-5300-348a-a349-5ebefc71f120  |i 2b641c94-a5e2-3434-a9d8-c54165dd6a6b  |t 0 
952 f f |p ric  |a Texas A&M University  |b Rellis Campus  |c Joint Library Facility  |d Remote Storage  |t 0  |e JQ1876 .B87  |h Library of Congress classification  |i unmediated -- volume  |m A14806152292 
998 f f |a JQ1876 .B87  |t 0  |l Remote Storage